00236nam a2200085Ia 4500008004100000100003800041245003200079260003300111300000600144201216s9999 xx 000 0 und d aTaylor, Bernard and Hussey, David 0a(The) Realities of Planning aOxfordbPargamon Pressc1983 a0